Synonyms & Antoyms (Record no. 152935)

MARC details
000 -LEADER
fixed length control field 00669nam a22001937a 4500
005 - DATE AND TIME OF LATEST TRANSACTION
control field 20191209131822.0
010 ## - LCCN (DPL NO)
LC control number B-161684
020 ## - INTERNATIONAL STANDARD BOOK NUMBER
International Standard Book Number 8189093894
Terms of availability 95.00
035 ## - SYSTEM CONTROL NUMBER
System control number B-161684 B-161685,B-161676, B-161677,b-161677
037 ## - SOURCE OF ACQUISITION
Source of stock number/acquisition Lotus Press
082 ## - DEWEY DECIMAL CLASSIFICATION NUMBER
Classification number 483.1
100 ## - MAIN ENTRY--PERSONAL NAME
Personal name Gupta, Shabnam
245 ## - TITLE STATEMENT
Title Synonyms & Antoyms
Statement of responsibility, etc Gupta, Shabnam
260 ## - PUBLICATION, DISTRIBUTION, ETC. (IMPRINT)
Place of publication, distribution, etc New Delhi
Name of publisher, distributor, etc Lotus Press
Date of publication, distribution, etc 2005
270 ## - ADDRESS
Address 4263/3, Ansari Road, Darya Ganj, New Delhi-110002
City New Delhi
Postal code 110002
300 ## - PHYSICAL DESCRIPTION
Extent 197p.
Dimensions 22cm(pb)
942 ## - ADDED ENTRY ELEMENTS (KOHA)
Source of classification or shelving scheme Dewey Decimal Classification
Item type English Books
Classification part 483.1
Call number suffix GUP
Holdings
Withdrawn status Lost status Not for loan Collection code Home library Current library Date acquired Full call number Barcode Koha item type Public note Cost, normal purchase price Cost, replacement price Source of acquisition Copy number
        R.C.Libraries (BL-IV) R.C.Libraries (BL-IV) 17/08/2019 483.1 GUP B-161677 English Books   95.00 95.00 BPPD/PUB  
      Non-fiction R.C.Libraries (zls) R.C.Libraries (zls) 17/11/2018 483.1 GUP B-161685 English Books   95.00 95.00    
Binding     Non-fiction Sarojini Nagar Sarojini Nagar 23/06/2018 483.1 GUP B-161684 English Books Withdrawn List Prepared L.No.89/21        
      Non-fiction Vigyan Vihar Vigyan Vihar 11/12/2018 483.1 GUP B-161676 English Books   95.00 95.00 BPPD/PUB  
      Non-fiction Yojana Vihar Yojana Vihar 11/07/2019 483.1 GUP B-161675 English Books   95.00 95.00 BPPD/PUB 1

© Delhi Public Library
Hit Counter
free hit counter